| 000 | 00890nam a2200265 a 4500 | ||
|---|---|---|---|
| 001 | 25692 | ||
| 003 | CO-ViMGA | ||
| 008 | 141112s2004 ck r 000 u spa d | ||
| 020 | _a9789587049763 | ||
| 040 |
_aCO-ViMGA _bspa _cCO-ViMGA |
||
| 041 | _aSPA | ||
| 082 | 0 | 4 | _aCo864.6 M87e |
| 100 | 1 |
_aMutis, Álvaro, 1923 - _939558 |
|
| 245 | 1 | 0 |
_aEstación México : _bnotas - 1943 - 2000 / _cÁlvaro Mutis ; compilación y edición Santiago Mutis Durán |
| 250 | _a1a ed. | ||
| 260 |
_aBogotá : _bTaurus, _c2013 |
||
| 300 | _a174 p. | ||
| 500 | _aIncluye bibliografía e índice de nombres | ||
| 600 |
_aMUTIS, ALVARO, 1923 - 2013 - COLECCIONES DE ESCRITOS _939559 |
||
| 650 | 1 | 4 |
_aAUTORES COLOMBIANOS - SIGLO XX _92054 |
| 650 | 1 | 4 |
_aENSAYOS COLOMBIANOS _91215 |
| 650 | 1 | 4 |
_aLITERATURA COLOMBIANA - SIGLO XX _92057 |
| 700 | 1 |
_aMutis Durán, Santiago, 1951 - _939560 |
|
| 942 |
_2ddc _cBK |
||
| 999 |
_c5260 _d5260 |
||